[Event "BLR-ch sf"]
[Site "Minsk"]
[Date "2023.12.11"]
[Round "5"]
[White "Yahont, Ignatiy"]
[Black "Zhuk, Aleksandr"]
[Result "1-0"]
[WhiteElo "1800"]
[BlackElo "1545"]
[PlyCount "80"]
[EventDate "2023.12.07"]
[EventType "swiss"]
[EventRounds "9"]
[EventCountry "BLR"]
[SourceTitle "CB51_2023"]
[SourceDate "2023.12.20"]
[SourceVersion "1"]
[SourceVersionDate "2023.12.20"]
[SourceQuality "1"]

1. e4 e6 2. d4 d5 3. Nc3 Nf6 4. Bg5 Bb4 5. e5 h6 6. Bd2 Bxc3 7. bxc3 Ne4 8. Bc1 c5 9. Ne2 Ng5 10. h4 Nh7 11. Rh3 Nc6 12. f4 Qe7 13. dxc5 Bd7 14. Nd4 a6 15. Rb1 Ra7 16. Qg4 f5 17. Qh5+ Qf7 18. Qd1 0-0 19. g4 Kh8 20. gxf5 exf5 21. Bg2 Rd8 22. Be3 Nf8 23. Qf3 Be8 24. Rd1 Raa8 25. Rh2 Ne7 26. Rb1 Rab8 27. Bh3 Bd7 28. Rd2 Ne6 29. Nb3 Bc6 30. Qf2 Bb5 31. Bg2 Bc6 32. Rbd1 Nc7 33. Na5 Qe6 34. c4 d4 35. Rxd4 Rxd4 36. Rxd4 Bxg2 37. Qxg2 Qg6 38. Qxg6 Nxg6 39. Rd7 Ne6 40. Nxb7 Ngf8 1-0

[Event "BLR-ch sf"]
[Site "Minsk"]
[Date "2023.12.09"]
[Round "3"]
[White "Yahont, Ignatiy"]
[Black "Gasparian, Siarhei"]
[Result "1-0"]
[WhiteElo "1800"]
[BlackElo "1536"]
[PlyCount "81"]
[EventDate "2023.12.07"]
[EventType "swiss"]
[EventRounds "9"]
[EventCountry "BLR"]
[SourceTitle "CB51_2023"]
[SourceDate "2023.12.20"]
[SourceVersion "1"]
[SourceVersionDate "2023.12.20"]
[SourceQuality "1"]

1. e4 c5 2. Nf3 Nc6 3. d4 cxd4 4. Nxd4 Nf6 5. Nc3 d6 6. Bg5 e5 7. Bxf6 gxf6 8. Nf5 Bxf5 9. exf5 Qd7 10. Nd5 0-0-0 11. Bd3 Ne7 12. Qf3 Nxd5 13. Qxd5 Bh6 14. Be4 Kb8 15. Rd1 Qc7 16. Rd3 Rd7 17. Rb3 Re8 18. 0-0 Ree7 19. Rh3 Bf8 20. Rxh7 Qc5 21. Rh8 Re8 22. Rd1 Qxd5 23. Bxd5 Rc8 24. c4 Be7 25. Rxc8+ Kxc8 26. Bxf7 Kc7 27. h4 Bf8 28. Bd5 Kb6 29. g3 a5 30. Kg2 Rh7 31. Kf3 Kc5 32. Be6 Kc6 33. Ke4 Be7 34. f4 Rg7 35. Rd3 Rg4 36. Kf3 Rg7 37. Bd5+ Kc5 38. Ke4 b5 39. cxb5 Kxb5 40. Rb3+ Kc5 41. a4 1-0